| 000 | 00406nam a22001697a 4500 | ||
|---|---|---|---|
| 003 | OSt | ||
| 005 | 20211104152441.0 | ||
| 008 | 211104b |||||||| |||| 00| 0 eng d | ||
| 020 | _a0292707894 | ||
| 040 | _cHU | ||
| 082 | _a305.8927/HOB | ||
| 100 |
_aJOSEPH J. HOBBS _916962 |
||
| 245 | _aBEDOUIN LIFE IN THE EGYRTIAN ess | ||
| 260 |
_aAMERICA _bTEXAS _c1989 |
||
| 300 | _a165P | ||
| 942 |
_2ddc _cBOOKS _n0 |
||
| 999 |
_c16778 _d16778 |
||